Собрание романов. Т. 1: Веверлей (Запись № 13567076)

Подробности
000 -МАРКЕР
контрольное поле 01741nam2a2200313 4500
001 - ИДЕНТИФИКАТОР ЗАПИСИ
контрольное поле rc\2665374
005 - ИДЕНТИФИКАТОР ВЕРСИИ
контрольное поле 20260406063622.0
035 ## - ДРУГИЕ СИСТЕМНЫЕ НОМЕРА
Идентификатор записи (NLR Aleph) 006971964
100 ## - ДАННЫЕ ОБЩЕЙ ОБРАБОТКИ
Данные общей обработки 20110618d1928 u y0rusy50 ca
101 1# - ЯЗЫК РЕСУРСА
Язык текста, звукозаписи и т.д. русский
102 ## - СТРАНА ПУБЛИКАЦИИ ИЛИ ПРОИЗВОДСТВА
Страна публикации российская федерация
105 ## - ПОЛЕ КОДИРОВАННЫХ ДАННЫХ: ТЕКСТОВЫЕ МАТЕРИАЛЫ, МОНОГРАФИЧЕСКИЕ
Кодированные данные о монографическом текстовом документе ca z |||||
200 1# - ЗАГЛАВИЕ И СВЕДЕНИЯ ОБ ОТВЕТСТВЕННОСТИ
Основное заглавие Веверлей
Сведения, относящиеся к заглавию Роман
-- С 46 рис.
Первые сведения об ответственности Перев. и обработка А.Н. Горлина
Последующие сведения об ответственности С критико-биографич. очерком А. Горнфельда
-- и предисл. И. Машбиц-Верова
210 ## - ПУБЛИКАЦИЯ, РАСПРОСТРАНЕНИЕ И ДР.
Дата издания, распространения и т.д. 1928
215 ## - ФИЗИЧЕСКАЯ ХАРАКТЕРИСТИКА
Специфическое обозначение материала и объем 468 с., [1] вкл. л. портр.
Другие сведения о физической характеристике ил., портр.
300 ## - ОБЩИЕ ПРИМЕЧАНИЯ
Текст примечания На обороте тит. л.: "Walter Scott. Vaverley. (1814)"
300 ## - ОБЩИЕ ПРИМЕЧАНИЯ
Текст примечания Обл.: 2 Стенберг
461 #0 - УРОВЕНЬ НАБОРА
Встроенное поле 001rc\2665373
-- 2001#$aСобрание романов$fВальтер Скотт$gПод ред. А.Н. Горлина, Бенедикта Лившица и О. Мандельштама$gСо вступ. статьей Ю. Ларина$vТ. 1
-- 700#1$aСкотт$bВ.$gВальтер$f1771-1832$3RU\NLR\AUTH\772398
Системный номер (АБИС) связанной записи 5449525
Автор Скотт, В. (1771-1832)
Место публикации Москва
Дата публикации [1928]
Первые сведения об ответственности Вальтер Скотт
Имя издателя, распространителя и т.д. Земля и фабрика
Заглавие Собрание романов
Номер тома Т. 1
702 #1 - ИМЯ ЛИЦА - ВТОРИЧНАЯ ОТВЕТСТВЕННОСТЬ
Начальный элемент ввода Горлин
Часть имени, кроме начального элемента ввода А.Н.
Код отношения Переводчик
702 #1 - ИМЯ ЛИЦА - ВТОРИЧНАЯ ОТВЕТСТВЕННОСТЬ
Код отношения Прочие
Материалы, к которым относится поле rus
Графика поля Кириллица
Начальный элемент ввода Горнфельд
Часть имени, кроме начального элемента ввода А. Г.
Даты 1867-1941
Расширение инициалов личного имени Аркадий Георгиевич
Идентификатор авторитетной/нормативной записи RU\NLR\AUTH\7723067
Системный номер авторитетной/нормативной записи 6121
702 #1 - ИМЯ ЛИЦА - ВТОРИЧНАЯ ОТВЕТСТВЕННОСТЬ
Код отношения Автор введения, предисловия, примечания и т.п.
-- Комментатор печатного текста
Графика поля Кириллица
Материалы, к которым относится поле rus
Начальный элемент ввода Машбиц-Веров
Часть имени, кроме начального элемента ввода И. М.
Даты 1900-1989
Расширение инициалов личного имени Иосиф Маркович
Системный номер авторитетной/нормативной записи 227597
Идентификатор авторитетной/нормативной записи RU\NLR\AUTH\770227653
801 #0 - ИСТОЧНИК ЗАПИСИ
Страна российская федерация
Организация NLR
Правила каталогизации psbo
801 #1 - ИСТОЧНИК ЗАПИСИ
Страна российская федерация
Организация ELAR
Источник данных rusmarc
852 ## - МЕСТОНАХОЖДЕНИЕ И ШИФР ХРАНЕНИЯ
Идентификатор организации NLR
Шифр хранения (Call Number) 57/338(1)
852 ## - МЕСТОНАХОЖДЕНИЕ И ШИФР ХРАНЕНИЯ
Идентификатор организации NLR
Шифр хранения (Call Number) Л60 В-3/334(1)
942 ## - ДОПОЛНИТЕЛЬНЫЕ ЭЛЕМЕНТЫ ЗАПИСИ (АБИС)
Тип экземпляра АБИС Неопределено
980 ## - КОЛЛЕКЦИЯ
Название коллекции Национальная библиография

Нет доступных экземпляров.